Sam Asplund

N/A


Categories

Literature - World and Miscellaneous87001902470.2013
Literature - European68001703068.3601
Literature - American73001354265.9013
Literature - British45001104775.0003
Fine Arts - Painting1300456892.0000
Science - Biology04004068107.7500
History - Cross, Historiography, and Miscellaneous1200355674.0000
Other - Other Academic and General Knowledge1200354596.0011
RMP - Philosophy12003553100.6700
RMP - World Mythology1200356895.3300
Current Events - U.S.1100255369.0011
Social Science - Linguistics1100253972.5000
Social Science - Other1100253160.5001
Social Science - Psychology0200206492.5000
History - European1000154040.0011
RMP - Hinduism1000156060.0000
Fine Arts - Music010010113113.0000
RMP - Buddhism010010104104.0000
RMP - Islam010010120120.0000
Geography - Europe0100108989.0000
Fine Arts - Sculpture0100109494.0000
History - World010010109109.0000
Fine Arts - Film010010141141.0000
Fine Arts - Architecture010010126126.0000
Science - Computer Science010010116116.0000
Science - Engineering and Miscellaneous0100108484.0000
Fine Arts - Photography000000.0000
History - American000000.0000
RMP - Hebrew Bible000000.0000
RMP - Greco-Roman Mythology000000.0000
Geography - World000000.0000
Fine Arts - Miscellaneous000000.0000
Social Science - Economics000000.0000

Buzzes

Literature - AmericanNative American reservations023
Literature - World and MiscellaneousPablo Neruda2024
Fine Arts - Paintingthe Factory029
Literature - EuropeanFrançois Rabelais2030
Social Science - Otherlighting2031
Literature - World and Miscellaneousbe2032
History - AmericanNew York Police Department036
Social Science - Linguisticspronouns2039
History - EuropeanChernobyl nuclear disaster2040
Literature - American“Song of Myself”2042